000 00341 a2200157 4500
001 179747
020 _a
040 _cMagnum
100 _aTelles, Carlos Queiroz
240 1 0 _aO agente meia meia miau
_lpor
245 1 0 _aO agente meia meia miau
362 0 _a1899
440 1 _aModerna
697 _aMAGNITO: IJ/ANIMAIS
942 _cBK
999 _c179747
_d179747